000
00310nam a22001337a 4500
020
_q
PB.
040
_c
FIZZA ISHAQ
082
_a
621.382
_b
BER
100
_a
SKLAR, BERNARD.
_9
89095
245
_a
DIGITAL COMMUNCATION /
_c
BERNARD SKLAR.
260
_b
PEARSON,
_c
2014.
300
_a
1059 P. ;
942
_2
ddc
_c
BK
999
_c
587936
_d
587936